000 00816nam a22002897a 4500
001 BR6004710
003 BR-BrBNA
005 20230928095640.0
007 ta
008 230509b bl.||||| |||| 00| 0 por d
040 _aBR-BrBNA
_bpor
_cBiblioteca Nacional de Agricultura
041 _a(Por)
072 _aF10; P12
090 _ F10 BR6004710
100 1 _aHargreaves, G.H.
110 1 _aEmpresa Brasileira de Pesquisa Agropecuaria, Brasilia, DF (Brasil)
245 1 _aIrrigation requiremento and precipitation deficito for Brazil
260 3 _aBrasilia, DF (Brasil):
_c[nd].
300 _a50 p.
500 _aNumerical data; Published 1975?
650 _aMeteorologia
650 _aIrrigacao
650 _aChuva
650 _aPluviometria
909 _a202309
_bLucia
_c55
_dLucia Elande
942 _cBK
999 _c57864
_d57864